000 00471nam a2200157 i 4500
001 45392
003 ES-MaACL
005 20230906161218.0
007 t|
008 030325s1973 sp ||||1| spa d
100 1 _aCols, Domingo.
_939897
245 1 0 _aCelebración cantada de la liturgia de las horas
_b: triduo pascual, tiempo pascual /
_cDomingo Cols.
260 _aBarcelona :
_bRegina,
_c[1973]
300 _a87 p. ;
_c20 cm.
852 _aES-MaACL
_jC-52832
_bR.86043
999 _c45392
_d45392